Socioeconomic Aspects of the EU Competitiveness

Sociálne systémy EÚ a ich viazanie na ekonomickú produktivitu a konkurencieschopnosť. Porovnanie členských krajín EÚ podľa vybraných pilierov Globálnej správy o konkurencieschopnosti s ich postavením v Indexe sociálneho kapitálu. Krajiny, bohaté na sociálny kapitál, sa vedia rýchlejšie zotaviť z fin...

Descrizione completa

Salvato in:
Dettagli Bibliografici
Autore principale: Škorvagová, Simona
Altri autori: Drieniková, Kristína, 1982-
Natura: Capitolo di libro
Lingua:inglese
Soggetti:
Tags: Aggiungi Tag
Nessun Tag, puoi essere il primo ad aggiungerne!!

MARC

LEADER 00000naa$a2200000$$$4500
001 0221841
005 20240502083548.9
041 0 |a eng 
044 |a UA 
245 1 0 |a Socioeconomic Aspects of the EU Competitiveness  |c Simona Škorvagová, Kristína Drieniková 
520 |a Sociálne systémy EÚ a ich viazanie na ekonomickú produktivitu a konkurencieschopnosť. Porovnanie členských krajín EÚ podľa vybraných pilierov Globálnej správy o konkurencieschopnosti s ich postavením v Indexe sociálneho kapitálu. Krajiny, bohaté na sociálny kapitál, sa vedia rýchlejšie zotaviť z finančnej krízy ako iné krajiny s nižšou úrovňou sociálneho kapitálu. 
610 2 0 |a Európska únia 
610 2 0 |a systémy sociálne 
610 2 0 |a systémy sociálno-ekonomické 
610 2 0 |a kapitál sociálny 
610 2 0 |a konkurencia medzinárodná 
610 2 0 |a konkurencieschopnosť 
610 2 0 |a blahobyt 
100 1 |a Škorvagová, Simona 
700 1 |a Drieniková, Kristína, 1982-